Historia de la pedagogía / [por] Guillermo Dilthey

Guardado en:
Detalles Bibliográficos
Autor principal: Dilthey, Guillermo (autor)
Formato: Libro
Edición:2a ed.
Colección:Biblioteca pedagógica
Temas:
Etiquetas: Agrega una etiqueta
Sin etiquetas, Sé el primero en etiquetar este registro!

MARC

LEADER 00000nam^a2200000^u^4500
001 000546269
005 20250521000000.0
008 060220s1000^^^^^^^^^^^^r^^^^^000^0^spa^d
009 20260310131406.718
035 |a FMI 000015838 
037 |a Acervo Xavier Clavigero 
096 |a 8.7.1/33/E 
100 |a Dilthey, Guillermo  |e (autor) 
245 1 0 |a Historia de la pedagogía / [por] Guillermo Dilthey 
250 |a 2a ed. 
264 |a Buenos Aires : Losada, 1944 
300 |a 221 p. 
336 |a texto  |b txt  |2 rdacontenido 
337 |a sin mediación  |b n  |2 rdamedio 
338 |a volumen  |b nc  |2 rdasoporte 
440 0 |a Biblioteca pedagógica 
649 |a XX 
650 |a EDUCACION 
910 |a Fondo Francisco Migoya Covarrubias S.J. 
920 |a Impresos - Libros 
930 |a Fondos Especiales 
905 |a 134 
901 |a SBC22707  |b IT2  |c ESP  |u 20250521 
902 |a https://opac.biblio.iteso.mx/vufind/Record/000546269